| 000 | 00721nas a2200253 4500 | ||
|---|---|---|---|
| 001 | BR8000004 | ||
| 003 | BR-BrBNA | ||
| 005 | 20231205084054.0 | ||
| 007 | ta | ||
| 008 | 230509b bl.|||p| |||| 00| 00por d | ||
| 040 |
_aBR-BrBNA _bpor _cBiblioteca Nacional de Agricultura |
||
| 041 | _a(Pt) | ||
| 072 | _aL70 | ||
| 100 | 1 | _aCastro, V.A. de | |
| 100 | 1 | _aPinheiro, A.C. | |
| 245 | 1 | _aO Brasil precisa de pesquisa propria [Veterinaria] | |
| 650 | _aVeterinaria | ||
| 650 | _aDefesa animal | ||
| 650 | _aMedicamento | ||
| 650 | _aPesquisa | ||
| 773 | 0 |
_tAgricultura de Hoje (Brazil) _xISSN 0100-5707 _g(Sep 1979), v. 5(52) p. 22-25 _wBR8000004 |
|
| 909 |
_a202311 _bLúcia _c55 _dLúcia Elande |
||
| 942 |
_2AGRIS _n0 _cANA |
||
| 999 |
_c102957 _d102957 |
||